Tratado de geografía humana / (Record no. 20423)

000 -CABECERA
fixed length control field 00806nam a22002057a 4500
003 - IDENTIFICADOR DEL NÚMERO DE CONTROL
control field AR-CdUCM
008 - DATOS DE LONGITUD FIJA--INFORMACIÓN GENERAL
fixed length control field 190530b ||||| |||| 00| 0 spa d
040 ## - FUENTE DE LA CATALOGACIÓN
Agencia/entidad que catalogó originalmente la obra MUNICIPALIDAD PROVINCIAL DEL CUSCO
Entidad que transcribió la catalogación BIBLIOTECA MUNICIPAL DEL CUSCO
082 ## - NÚMERO DE LA CLASIFICACIÓN DECIMAL DEWEY
No. de Clasificación 572.9 /
Notacion interna D63
100 ## - ENTRADA PRINCIPAL--NOMBRE DE PERSONA
Nombre Personal Derruau, Max
245 ## - MENCIÓN DE TÍTULO
Título Tratado de geografía humana /
260 ## - PUBLICACIÓN, DISTRIBUCIÓN, ETC.
Lugar de publicación, distribución, etc. España :
Nombre de la editorial, distribuidor, etc. Vicens-vives . barcelona
Fecha de publicación, distribución, etc. 1964.
300 ## - DESCRIPCIÓN FÍSICA
Nº de Páginas Extensión 681 páginas ;
Otros detalles físicos Fotos a b/n,
Dimensiones 22 cm.
505 ## - NOTA DE CONTENIDO CON FORMATO
Nota de contenido formateada Contenido : Geografía de la población -- Los modos de vida, los mecanismos y los sistemas económicos -- Geografía agraria...
650 ## - PUNTO DE ACCESO ADICIONAL DE MATERIA--TÉRMINO DE MATERIA
Descriptor Las variaciones de una población
9 (RLIN) 42697
650 ## - PUNTO DE ACCESO ADICIONAL DE MATERIA--TÉRMINO DE MATERIA
Descriptor Composición de una población
9 (RLIN) 42698
650 ## - PUNTO DE ACCESO ADICIONAL DE MATERIA--TÉRMINO DE MATERIA
Descriptor Los mecanismos y los sistemas económicos
9 (RLIN) 42699
942 ## - ELEMENTOS DE PUNTO DE ACCESO ADICIONAL (KOHA)
Fuente de clasificación
Tipo de item Libros-BMC
945 ## - PROCESAMIENTO DE INFORMACIÓN LOCAL (OCLC)
Catalogador andy
Holdings
Estado de retiro (separado) Fuente de clasificación o esquema de estanterías Estado dañado Ubicación Sala donde se ubica Nombre de la colección Fecha de adquisición o compra Costo, precio normal en soles Signatura topográfica Código de Barras Última vez visto (Koha) Tipo de ítem (Koha)
No     Sala Ciencias Sala Ciencias Book Cart 2019-05-30 30.00 572.9 / D63 SC0000001973 2019-05-30 Libros-BMC

Powered by Koha